Medzinárodné vzťahy a meniaca sa diplomacia
Krátky historický exkurz, charakteristika základných znakov diplomacie jednotlivých zlomových období a zmeny v diplomatickej agende súčasnosti.
Salvato in:
| Autore principale: | |
|---|---|
| Natura: | Capitolo di libro |
| Lingua: | slovacco |
| Soggetti: | |
| Tags: |
Nessun Tag, puoi essere il primo ad aggiungerne!!
|
MARC
| LEADER | 00000nla a2200000 4500 | ||
|---|---|---|---|
| 001 | 0197318 | ||
| 005 | 20240502073333.2 | ||
| 041 | 0 | |a slo | |
| 044 | |a SK | ||
| 245 | 1 | 0 | |a Medzinárodné vzťahy a meniaca sa diplomacia |c Jarmila Rusiňáková |
| 520 | |a Krátky historický exkurz, charakteristika základných znakov diplomacie jednotlivých zlomových období a zmeny v diplomatickej agende súčasnosti. | ||
| 610 | 2 | 0 | |a diplomacia |
| 610 | 2 | 0 | |a diplomati |
| 610 | 2 | 0 | |a politika zahraničná |
| 610 | 2 | 0 | |a vzťahy medzinárodné |
| 610 | 2 | 0 | |a globalizácia |
| 610 | 2 | 0 | |a komunikácia |
| 100 | 1 | |a Rusiňáková, Jarmila, 1959- | |